| 000 | 00592nam a2200181 i 4500 | ||
|---|---|---|---|
| 001 | 33322 | ||
| 003 | ES-MaACL | ||
| 005 | 20230906154734.0 | ||
| 007 | t| | ||
| 008 | 030202s1969 sp ||||1| spa d | ||
| 100 | 1 |
_aBesson, R. _928609 |
|
| 245 | 1 | 0 |
_aInterfonos y talkies-walkies / _cR. Besson ; traducción... Salvador Nolis Bruguera ; revisado por L. Ibáñez Morlán. |
| 260 |
_aBarcelona : _bMarcombo, _c[1969] |
||
| 300 |
_a204 p. : _bil. ; _c24 cm. |
||
| 700 | 1 |
_aNolis Bruguera, Salvador. _985912 |
|
| 700 | 1 |
_aIbáñez Morlán, Luis. _964937 |
|
| 852 |
_aES-MaACL _jC-44047 _bR.72698 |
||
| 999 |
_c33322 _d33322 |
||